[Event "Varennes"]
[Site "Varennes CAN"]
[Date "2016.10.08"]
[Round "3.10"]
[White "Lopez Linares, Lizandro"]
[Black "Durette, Francis"]
[Result "1-0"]
[WhiteElo "2251"]
[BlackElo "2128"]
[PlyCount "105"]
[EventDate "2016.10.07"]
[EventType "swiss"]
[EventRounds "5"]
[EventCountry "CAN"]

1. d4 Nf6 2. Nf3 g6 3. Bg5 Bg7 4. Nbd2 h6 5. Bh4 O-O 6. c3 d6 7. e4 Nbd7 8. Bc4
e5 9. dxe5 Nxe5 10. Nxe5 dxe5 11. Qb3 Qe7 12. O-O g5 13. Bg3 Nh5 14. Rfe1 c6
15. a4 Nf4 16. Nf1 h5 17. Ne3 h4 18. Bxf4 gxf4 19. Nf5 Bxf5 20. exf5 b6 21. Qc2
Qg5 22. Kh1 Kh8 23. Qe4 Rac8 24. Rad1 Rc7 25. Rd6 Bf6 26. Red1 Rg8 27. h3 Rg7
28. Be2 c5 29. Bg4 Rg8 30. Qd5 Qg7 31. Rc6 Rgc8 32. Rd6 Rg8 33. Bf3 Be7 34. Rc6
Rgc8 35. Rxc7 Rxc7 36. Re1 Bf6 37. Qd6 Rc8 38. Qd7 Rd8 39. Qxa7 Rd2 40. Qxb6
Rxf2 41. Qb7 Qg3 42. Rd1 Rd2 43. Ra1 Bd8 44. Qxf7 Rxb2 45. Qe8+ Qg8 46. Qxg8+
Kxg8 47. a5 Rc2 48. a6 Bb6 49. a7 Bxa7 50. Rxa7 Rc1+ 51. Kh2 Rxc3 52. Bd5+ Kf8
53. f6 1-0

[Event "Varennes"]
[Site "Varennes CAN"]
[Date "2016.10.08"]
[Round "3.11"]
[White "Langlois-Remillard, Alexis"]
[Black "Libersan, Thierry"]
[Result "0-1"]
[WhiteElo "1954"]
[BlackElo "2204"]
[PlyCount "66"]
[EventDate "2016.10.07"]
[EventType "swiss"]
[EventRounds "5"]
[EventCountry "CAN"]

1. b3 e5 2. Bb2 Nc6 3. e3 g6 4. f4 Bg7 5. Nf3 d6 6. Bb5 Bd7 7. O-O Nge7 8. fxe5
dxe5 9. Ng5 O-O 10. e4 Be8 11. Nc3 h6 12. Nf3 Nd4 13. Bc4 b5 14. Be2 b4 15. Na4
Bc6 16. Nc5 Qd6 17. Nd3 Bxe4 18. a3 a5 19. Nxd4 exd4 20. axb4 axb4 21. Rxa8
Bxa8 22. Qa1 Nf5 23. Qa5 Nh4 24. Qxb4 Qc6 25. Bf3 Nxf3+ 26. gxf3 Qxc2 27. Qc4
Qxd2 28. Bxd4 Qg5+ 29. Kh1 Qf5 30. Kg2 Qg4+ 31. Kh1 Bxf3+ 32. Rxf3 Qxf3+ 33.
Kg1 Qg4+ 0-1

[Event "Varennes"]
[Site "Varennes CAN"]
[Date "2016.10.08"]
[Round "3.12"]
[White "Qiao, Cindy"]
[Black "Tremblay, Alain"]
[Result "0-1"]
[WhiteElo "1366"]
[BlackElo "2175"]
[PlyCount "46"]
[EventDate "2016.10.07"]
[EventType "swiss"]
[EventRounds "5"]
[EventCountry "CAN"]

1. e4 e5 2. Nf3 Nc6 3. Bc4 Bc5 4. c3 Nf6 5. d3 d6 6. Nbd2 a6 7. Bb3 O-O 8. O-O
Be6 9. Bc2 Ng4 10. h3 Bxf2+ 11. Rxf2 Ne3 12. Qe2 Nxc2 13. Ng5 Qxg5 14. Nf3 Qg3
15. Qxc2 h6 16. Kh1 f5 17. Re2 fxe4 18. Rxe4 Bxh3 19. Re3 Be6 20. Bd2 Rf4 21.
d4 Bd5 22. Be1 Qg4 23. Nh2 Qh5 0-1

[Event "Varennes"]
[Site "Varennes CAN"]
[Date "2016.10.08"]
[Round "3.13"]
[White "Soudre, Nicolas"]
[Black "Gauthier, Denis"]
[Result "1/2-1/2"]
[WhiteElo "2202"]
[BlackElo "1983"]
[PlyCount "81"]
[EventDate "2016.10.07"]
[EventType "swiss"]
[EventRounds "5"]
[EventCountry "CAN"]

1. e4 d6 2. b3 Nf6 3. d3 e5 4. Bb2 Nc6 5. g3 Be6 6. Nd2 d5 7. Ngf3 d4 8. Bg2 h6
9. Qe2 Bb4 10. a3 Bd6 11. Nh4 Qd7 12. Nc4 O-O-O 13. Nf3 g5 14. Nfd2 Bg4 15. f3
Be6 16. Nxd6+ Qxd6 17. Nc4 Qe7 18. a4 Bxc4 19. Ba3 Qe6 20. bxc4 Nb8 21. h4 Rhg8
22. hxg5 hxg5 23. Kd2 Rh8 24. Qf1 Nbd7 25. Bh3 Qa6 26. Ke2 Kb8 27. Bb4 c5 28.
Bd2 Rdg8 29. Bf5 Nh5 30. Kf2 Ndf6 31. Qc1 g4 32. f4 exf4 33. Bxf4+ Nxf4 34.
Qxf4+ Ka8 35. Qc7 Rxh1 36. Rxh1 Qxa4 37. Rc1 Qa3 38. Rb1 Rb8 39. Bc8 Nxe4+ 40.
dxe4 Qe3+ 41. Kf1 1/2-1/2

[Event "Varennes"]
[Site "Varennes CAN"]
[Date "2016.10.08"]
[Round "3.14"]
[White "Huang, Qiuyu"]
[Black "Leger, Manon"]
[Result "1-0"]
[WhiteElo "2119"]
[BlackElo "1883"]
[PlyCount "37"]
[EventDate "2016.10.07"]
[EventType "swiss"]
[EventRounds "5"]
[EventCountry "CAN"]

1. e4 d6 2. d4 g6 3. Nc3 Bg7 4. Bg5 Nd7 5. Qd2 Ngf6 6. Nge2 O-O 7. f3 c5 8. h4
cxd4 9. Nxd4 Qb6 10. O-O-O Nc5 11. g4 Ne6 12. Be3 Nxd4 13. Bxd4 Qc7 14. h5 e5
15. Be3 Rd8 16. Bh6 Bh8 17. hxg6 hxg6 18. Bg5 Bg7 19. Bxf6 1-0

[Event "Varennes"]
[Site "Varennes CAN"]
[Date "2016.10.08"]
[Round "3.15"]
[White "Boulay, David"]
[Black "Turcotte, Jonathan"]
[Result "1/2-1/2"]
[WhiteElo "2007"]
[BlackElo "2119"]
[PlyCount "131"]
[EventDate "2016.10.07"]
[EventType "swiss"]
[EventRounds "5"]
[EventCountry "CAN"]

1. d4 d5 2. c4 c6 3. e3 Nf6 4. Nf3 Bf5 5. Nbd2 e6 6. Be2 h6 7. O-O Nbd7 8. b3
Bd6 9. Bb2 O-O 10. Rc1 Qe7 11. Ne5 Ba3 12. Bxa3 Qxa3 13. Nxd7 Nxd7 14. Ra1 Nf6
15. Qc1 Qe7 16. c5 Nd7 17. b4 e5 18. Nb3 exd4 19. Nxd4 Bh7 20. Qc3 f5 21. g3 g5
22. f4 Rae8 23. Nc2 Nf6 24. Bf3 Bg6 25. Rae1 Ne4 26. Qd4 h5 27. Bxe4 fxe4 28.
Qd1 h4 29. Qg4 hxg3 30. hxg3 Bf5 31. Qxg5+ Qxg5 32. fxg5 Bh3 33. Rf4 Kg7 34.
Kf2 Kg6 35. Rh1 Bc8 36. Nd4 a6 37. a4 Kxg5 38. Rhh4 Rh8 39. Rxh8 Rxh8 40. Kg2
Bh3+ 41. Kg1 Kg6 42. Kf2 Bd7 43. Rh4 Rb8 44. a5 Rf8+ 45. Kg2 Bc8 46. Rf4 Rh8
47. Rf2 Bh3+ 48. Kg1 Bg4 49. Rf4 Be6 50. Ne2 Kg7 51. Rh4 Rf8 52. Nf4 Bc8 53.
Kf2 Bd7 54. g4 d4 55. g5 d3 56. Ke1 Rh8 57. Rxh8 Kxh8 58. Nh5 Bf5 59. Nf6 Bg6
60. Nd7 Kg7 61. Ne5 Bf7 62. Kd2 Bd5 63. Kc3 Kf8 64. Ng6+ Kf7 65. Nf4 Be6 66.
Kd2 1/2-1/2

[Event "Varennes"]
[Site "Varennes CAN"]
[Date "2016.10.08"]
[Round "3.16"]
[White "Roy, Myriam"]
[Black "Dube, Daniel"]
[Result "1-0"]
[WhiteElo "1998"]
[BlackElo "1835"]
[PlyCount "89"]
[EventDate "2016.10.07"]
[EventType "swiss"]
[EventRounds "5"]
[EventCountry "CAN"]

1. e4 g6 2. d4 Bg7 3. f4 c6 4. Nc3 d5 5. e5 h5 6. Nf3 Bg4 7. h3 Bxf3 8. Qxf3
Qb6 9. Qf2 e6 10. Bd3 Nh6 11. O-O Nd7 12. b3 Bf8 13. Na4 Qd8 14. c4 Rc8 15. c5
Bg7 16. b4 O-O 17. Bd2 Kh7 18. Qe2 f5 19. Rfb1 b5 20. Nc3 Ra8 21. a4 a6 22. Ra2
Qc7 23. Rba1 Qb7 24. Nd1 Nf7 25. g4 hxg4 26. hxg4 Nh6 27. Nf2 fxg4 28. Nxg4 Nf5
29. Bxf5 exf5 30. Nh2 Rfe8 31. Nf3 Bh6 32. axb5 axb5 33. Rxa8 Rxa8 34. Rxa8
Qxa8 35. e6 Nf6 36. Qe5 Qa1+ 37. Kg2 Ng4 38. Qc7+ Bg7 39. e7 Nf6 40. Qxc6 Qb2
41. e8=Q Nxe8 42. Qxe8 Bxd4 43. Qd7+ Kh6 44. Qxd5 Be3 45. Qe5 1-0

[Event "Varennes"]
[Site "Varennes CAN"]
[Date "2016.10.08"]
[Round "3.17"]
[White "Aubut, Jean-Philippe"]
[Black "Fan, Run Kun"]
[Result "0-1"]
[WhiteElo "1974"]
[BlackElo "1036"]
[PlyCount "56"]
[EventDate "2016.10.07"]
[EventType "swiss"]
[EventRounds "5"]
[EventCountry "CAN"]

1. e4 e5 2. Nf3 Nc6 3. Bc4 Nf6 4. O-O Be7 5. Nc3 O-O 6. d3 d6 7. Ng5 h6 8.
Bxf7+ Rxf7 9. Nxf7 Kxf7 10. Nd5 Be6 11. Nxf6 Bxf6 12. Qh5+ Ke7 13. f4 Qe8 14.
Qxe8+ Rxe8 15. f5 Bf7 16. c3 d5 17. b3 Rd8 18. Ba3+ Ke8 19. Rad1 Bh5 20. Rd2
dxe4 21. h3 e3 22. Rc2 e2 23. Re1 Bh4 24. Rexe2 Bxe2 25. Rxe2 Rxd3 26. Bb2 Bg3
27. Kf1 Rd1+ 28. Re1 Rxe1# 0-1

[Event "Varennes"]
[Site "Varennes CAN"]
[Date "2016.10.09"]
[Round "4.4"]
[White "Libersan, Thierry"]
[Black "Yu, Zong Yang"]
[Result "0-1"]
[WhiteElo "2204"]
[BlackElo "2457"]
[PlyCount "80"]
[EventDate "2016.10.07"]
[EventType "swiss"]
[EventRounds "5"]
[EventCountry "CAN"]

1. e4 c5 2. Nf3 e6 3. Nc3 a6 4. d4 cxd4 5. Nxd4 Qc7 6. Be2 b5 7. O-O Bb7 8. a3
Nf6 9. Qd3 d6 10. f4 Nbd7 11. Bf3 Be7 12. Kh1 Rc8 13. Bd2 O-O 14. g4 Rfe8 15.
g5 Nc5 16. Qe2 Nfd7 17. Bg2 Bf8 18. Rad1 g6 19. Qf2 Bg7 20. Be3 f5 21. Ndxb5
axb5 22. Nxb5 Nxe4 23. Bxe4 Bxe4+ 24. Kg1 Qb8 25. Nxd6 Rxc2 26. Rd2 Rxd2 27.
Qxd2 Rd8 28. Nxe4 Nf8 29. Qc2 fxe4 30. b4 Rd3 31. Bc5 Nd7 32. Qc4 Nxc5 33. bxc5
Rd5 34. c6 Qb6+ 35. Kh1 Qc5 36. Qxe4 Qxc6 37. Re1 Rd6 38. a4 Qxe4+ 39. Rxe4 Kf7
40. Kg2 Rd4 0-1

[Event "Varennes"]
[Site "Varennes CAN"]
[Date "2016.10.09"]
[Round "4.5"]
[White "Masse, Hugues"]
[Black "Lopez Linares, Lizandro"]
[Result "1/2-1/2"]
[WhiteElo "2317"]
[BlackElo "2251"]
[PlyCount "155"]
[EventDate "2016.10.07"]
[EventType "swiss"]
[EventRounds "5"]
[EventCountry "CAN"]

1. d4 d5 2. c4 c6 3. Nf3 Nf6 4. e3 Bg4 5. Qb3 Qb6 6. Nc3 e6 7. Nh4 Nbd7 8. h3
Qxb3 9. axb3 Bh5 10. g4 Bg6 11. Nxg6 hxg6 12. Bg2 a6 13. g5 Nh5 14. e4 dxc4 15.
bxc4 e5 16. d5 Bc5 17. Ne2 Ke7 18. Bd2 cxd5 19. b4 Bd4 20. Nxd4 exd4 21. cxd5
Ne5 22. O-O Nc4 23. Bc1 d3 24. Rd1 d2 25. Bxd2 Nxd2 26. Rxd2 Kd6 27. Rc1 Nf4
28. Kh2 f6 29. Rc3 Rac8 30. Rdc2 Rxc3 31. Rxc3 fxg5 32. Rg3 Rh5 33. Bf3 Rh4 34.
Bg4 Rh8 35. Rc3 Re8 36. f3 Ne2 37. Rc4 Nf4 38. Kg3 Nd3 39. h4 gxh4+ 40. Kxh4
Ne5 41. Rd4 Rh8+ 42. Kg5 Rh6 43. Rd1 Nf7+ 44. Kf4 g5+ 45. Kg3 Rh8 46. Rc1 Ne5
47. Rc3 Rf8 48. Bf5 b6 49. Ra3 Ra8 50. f4 gxf4+ 51. Kxf4 a5 52. bxa5 bxa5 53.
Bg4 Rf8+ 54. Kg3 Ra8 55. Be2 g5 56. Kf2 Kc5 57. Ke3 a4 58. d6 Kb4 59. Ra1 Kc5
60. Rc1+ Kxd6 61. Kd4 a3 62. Kc3 Kc5 63. Ra1 g4 64. Bxg4 Nxg4 65. Kb3 Kd4 66.
Rxa3 Rb8+ 67. Kc2 Ne3+ 68. Kc1 Nc4 69. Rh3 Rc8 70. e5 Ne3+ 71. Kb2 Rb8+ 72. Ka2
Nd1 73. Rh4+ Kd3 74. Rh3+ Kd4 75. Rh4+ Kd5 76. e6 Nc3+ 77. Ka3 Kxe6 78. Rb4
1/2-1/2

[Event "Varennes"]
[Site "Varennes CAN"]
[Date "2016.10.09"]
[Round "4.6"]
[White "Tremblay, Alain"]
[Black "Tremblay, Rejean"]
[Result "1/2-1/2"]
[WhiteElo "2175"]
[BlackElo "2170"]
[PlyCount "81"]
[EventDate "2016.10.07"]
[EventType "swiss"]
[EventRounds "5"]
[EventCountry "CAN"]

1. e4 e6 2. d4 d5 3. Nc3 Bb4 4. e5 Qd7 5. Qg4 f5 6. Qh5+ g6 7. Qd1 b6 8. Nf3
Ba6 9. Bd3 Bxc3+ 10. bxc3 Bxd3 11. cxd3 h6 12. h4 Nc6 13. Qb3 O-O-O 14. a4 Nge7
15. Ba3 Na5 16. Qb5 Nec6 17. Qa6+ Kb8 18. Rb1 Ka8 19. Ke2 Nb8 20. Qb5 Qxb5 21.
axb5 c6 22. Bd6 cxb5 23. Rxb5 Rc8 24. Kd2 Rc6 25. Ng1 Nb7 26. Ba3 Nd8 27. Ne2
a6 28. Rb2 Nf7 29. Be7 Nd7 30. g3 Re8 31. Ba3 Ka7 32. Nf4 Rg8 33. Be7 a5 34.
Rbb1 Ka6 35. Rhe1 Nb8 36. Rh1 Ka7 37. Rbd1 g5 38. hxg5 hxg5 39. Nh5 Rgc8 40.
Rc1 R6c7 41. Ba3 1/2-1/2

[Event "Varennes"]
[Site "Varennes CAN"]
[Date "2016.10.09"]
[Round "4.8"]
[White "Chabot, Roland"]
[Black "Huang, Qiuyu"]
[Result "1-0"]
[WhiteElo "2230"]
[BlackElo "2119"]
[PlyCount "155"]
[EventDate "2016.10.07"]
[EventType "swiss"]
[EventRounds "5"]
[EventCountry "CAN"]

1. d4 d5 2. c4 e6 3. Nc3 Be7 4. Nf3 Nf6 5. Bf4 c6 6. e3 Nbd7 7. Qc2 O-O 8.
O-O-O dxc4 9. Bxc4 Nb6 10. Bd3 Nbd5 11. Nxd5 exd5 12. h3 Qa5 13. Kb1 Ne4 14.
Nd2 Nxd2+ 15. Rxd2 h6 16. g4 c5 17. dxc5 Be6 18. Bh7+ Kh8 19. Bf5 Qxc5 20. Qxc5
Bxc5 21. Rc1 b6 22. a3 a5 23. Bc2 Rfd8 24. Be5 Bc8 25. Rcd1 Bb7 26. Bb3 Rd7 27.
Bxd5 Rad8 28. e4 Bc6 29. Bc3 Ba4 30. b3 Rxd5 31. Rxd5 Rxd5 32. Rxd5 Bxb3 33.
Rd8+ Kh7 34. Kb2 Bc4 35. Bd4 Bxd4+ 36. Rxd4 b5 37. a4 Bf1 38. axb5 Bxb5 39. h4
Be2 40. e5 Bf3 41. Rf4 Bd5 42. Ka3 g5 43. hxg5 hxg5 44. Rf6 Kg7 45. Ka4 Bb7 46.
Kxa5 Bc8 47. f3 Bb7 48. Kb6 Bd5 49. Kc5 Bb3 50. Kd4 Bd1 51. Ke3 Ba4 52. Ra6 Bd7
53. Rf6 Ba4 54. Ke4 Bc2+ 55. Kd5 Bd1 56. Kd6 Be2 57. Ke7 Bc4 58. Rc6 Bd5 59.
Rf6 Bc4 60. Kd7 Bb5+ 61. Kd6 Be2 62. Kc6 Bc4 63. Kc5 Bb3 64. Kb4 Bd5 65. Kc3
Ba2 66. Kd3 Bb3 67. Ke2 Bc4+ 68. Kf2 Bd5 69. Kg3 Bb7 70. Rd6 Bc8 71. f4 gxf4+
72. Kxf4 Bb7 73. g5 Bc8 74. Rf6 Bd7 75. g6 fxg6 76. Kg5 Be8 77. e6 Kg8 78. Kh6
1-0

[Event "Varennes"]
[Site "Varennes CAN"]
[Date "2016.10.09"]
[Round "4.11"]
[White "Lin, Benjamin"]
[Black "Boulay, David"]
[Result "1/2-1/2"]
[WhiteElo "1906"]
[BlackElo "2007"]
[PlyCount "85"]
[EventDate "2016.10.07"]
[EventType "swiss"]
[EventRounds "5"]
[EventCountry "CAN"]

1. d4 d5 2. c4 c6 3. Nf3 Nf6 4. Qc2 e6 5. Nbd2 Nbd7 6. e3 Be7 7. Bd3 O-O 8. O-O
b6 9. e4 dxe4 10. Nxe4 Bb7 11. Ne5 Nxe5 12. Nxf6+ Bxf6 13. Bxh7+ Kh8 14. dxe5
Bxe5 15. Be4 Qf6 16. Re1 g6 17. Re3 Kg7 18. Rf3 Qe7 19. Bd2 c5 20. Bxb7 Qxb7
21. Bc3 Bd4 22. Qe2 e5 23. Re1 Rae8 24. h4 Rh8 25. Rh3 Re6 26. h5 gxh5 27. Bxd4
exd4 28. Qd2 Rg6 29. Rg3 Rhh6 30. Qf4 h4 31. Qe5+ Kh7 32. Rxg6 Rxg6 33. Qh5+
Kg7 34. f3 Qc6 35. Re4 Qf6 36. Rxh4 Rh6 37. Qg4+ Qg6 38. Qxg6+ Rxg6 39. Kf2 Re6
40. b4 Kf6 41. bxc5 bxc5 42. Rh5 Re3 43. Rxc5 1/2-1/2

[Event "Varennes"]
[Site "Varennes CAN"]
[Date "2016.10.09"]
[Round "4.12"]
[White "Fan, Run Kun"]
[Black "Ouellet, Maili-Jade"]
[Result "0-1"]
[WhiteElo "1974"]
[BlackElo "1929"]
[PlyCount "55"]
[EventDate "2016.10.07"]
[EventType "swiss"]
[EventRounds "5"]
[EventCountry "CAN"]

1. c4 e6 2. Nf3 d5 3. b3 Nf6 4. Bb2 c5 5. g3 b6 6. Bg2 Bb7 7. O-O Nbd7 8. e3
Bd6 9. cxd5 exd5 10. d4 O-O 11. Nc3 Rc8 12. Nh4 cxd4 13. Nb5 Bb8 14. Nxd4 Ba6
15. Re1 Nc5 16. Ba3 Qd7 17. Ndf5 Rfe8 18. Bh3 Kh8 19. Bb2 Be5 20. Bxe5 Rxe5 21.
Nh6 Qe8 22. Bxc8 Bxc8 23. f4 Rh5 24. N6f5 Rxf5 25. Rc1 Rh5 26. b4 Nce4 27. Qd4
Nd6 28. Rc6 0-1

[Event "Varennes"]
[Site "Varennes CAN"]
[Date "2016.10.09"]
[Round "4.13"]
[White "Durette, Francis"]
[Black "Langlois-Remillard, Alexis"]
[Result "1-0"]
[WhiteElo "2128"]
[BlackElo "1954"]
[PlyCount "75"]
[EventDate "2016.10.07"]
[EventType "swiss"]
[EventRounds "5"]
[EventCountry "CAN"]

1. e4 e6 2. d4 d5 3. exd5 exd5 4. Nf3 Nc6 5. c4 Bg4 6. Be3 Bb4+ 7. Nc3 Nge7 8.
a3 Bxc3+ 9. bxc3 O-O 10. Bd3 dxc4 11. Bxh7+ Kh8 12. Be4 f5 13. Bxc6 Nxc6 14. h3
Bh5 15. g4 f4 16. Bd2 Bg6 17. O-O Qd5 18. Nh4 Bd3 19. Re1 g5 20. Qf3 Qd6 21.
Ng2 Na5 22. h4 Nb3 23. Ra2 Rae8 24. Rxe8 Rxe8 25. hxg5 Be4 26. Qh3+ Kg8 27. g6
Qxg6 28. Nxf4 Qc6 29. Qh5 Nxd2 30. Rxd2 Bf3 31. Qg5+ Kh7 32. Qf5+ Kg8 33. Qg5+
Kh7 34. d5 Re1+ 35. Kh2 Qd6 36. Kg3 Be4 37. f3 Bd3 38. Rh2+ 1-0

[Event "Varennes"]
[Site "Varennes CAN"]
[Date "2016.10.09"]
[Round "4.14"]
[White "Gauthier, Denis"]
[Black "Roy, Myriam"]
[Result "0-1"]
[WhiteElo "1983"]
[BlackElo "1998"]
[PlyCount "126"]
[EventDate "2016.10.07"]
[EventType "swiss"]
[EventRounds "5"]
[EventCountry "CAN"]

1. d4 d5 2. c4 e6 3. Nc3 Nf6 4. cxd5 exd5 5. Bg5 Be7 6. e3 Nbd7 7. Bd3 b6 8.
Nge2 Bb7 9. O-O O-O 10. Rc1 Re8 11. Bb1 a6 12. h3 Rc8 13. Bf4 Ne4 14. Nxe4 dxe4
15. Nc3 Nf6 16. Qe2 h6 17. Rfd1 Bd6 18. Bxd6 Qxd6 19. a3 Qe7 20. Ba2 a5 21. Rd2
Red8 22. Rcd1 Nd5 23. Rc2 Nxc3 24. Rxc3 Bd5 25. Bxd5 Rxd5 26. Rc6 Rd6 27. Rdc1
Rxc6 28. Rxc6 Rd8 29. Qc4 Rd7 30. b4 axb4 31. axb4 Kh7 32. b5 f5 33. g3 Qf7 34.
Qb4 Qh5 35. Kh2 Qe2 36. Kg1 Qd1+ 37. Kh2 Qe2 38. Kg1 Rd5 39. Rc1 Rxb5 40. Qf8
Qf3 41. Qf7 Rb2 42. Rf1 Rc2 43. Qd7 Qh5 44. g4 fxg4 45. hxg4 Qg5 46. Kh2 Qg6
47. Kg3 Rc6 48. Qf5 Rf6 49. Qxg6+ Kxg6 50. Rc1 c6 51. Rc2 Kg5 52. Rb2 c5 53.
dxc5 bxc5 54. Rb5 Rf3+ 55. Kg2 Kxg4 56. Rxc5 Rf5 57. Rc7 Rg5 58. Rf7 g6 59.
Rf4+ Kh5+ 60. Kh3 Re5 61. Rh4+ Kg5 62. Rg4+ Kf6 63. Kg3 Rg5 0-1

[Event "Varennes"]
[Site "Varennes CAN"]
[Date "2016.10.09"]
[Round "4.15"]
[White "Leger, Manon"]
[Black "Qiao, Cindy"]
[Result "1/2-1/2"]
[WhiteElo "1883"]
[BlackElo "1366"]
[PlyCount "47"]
[EventDate "2016.10.07"]
[EventType "swiss"]
[EventRounds "5"]
[EventCountry "CAN"]

1. e4 c5 2. Nf3 d6 3. d4 cxd4 4. Nxd4 Nf6 5. Nc3 g6 6. Be2 Bg7 7. Be3 Nc6 8. f3
O-O 9. Qd2 Bd7 10. g4 Rc8 11. O-O-O Ne5 12. Bh6 Nc4 13. Bxc4 Rxc4 14. Bxg7 Kxg7
15. h4 h5 16. gxh5 Nxh5 17. Rdg1 Qa5 18. Rg5 Qb6 19. Nb3 Rfc8 20. Rxh5 gxh5 21.
Qg5+ Kf8 22. Qh6+ Kg8 23. Qg5+ Kf8 24. Qh6+ 1/2-1/2

[Event "Varennes"]
[Site "Varennes CAN"]
[Date "2016.10.09"]
[Round "4.16"]
[White "Turcotte, Jonathan"]
[Black "Aubut, Jean-Philippe"]
[Result "1-0"]
[WhiteElo "2119"]
[BlackElo "1036"]
[PlyCount "73"]
[EventDate "2016.10.07"]
[EventType "swiss"]
[EventRounds "5"]
[EventCountry "CAN"]

1. d4 Nf6 2. c4 g6 3. Nc3 Bg7 4. e4 d6 5. Be2 O-O 6. Nf3 Nc6 7. O-O e5 8. d5
Ne7 9. b4 Bd7 10. a4 c6 11. dxc6 Bxc6 12. Qd3 a6 13. Rd1 Nc8 14. Ba3 Ne8 15. b5
axb5 16. axb5 Bd7 17. c5 Rxa3 18. Rxa3 dxc5 19. Qxd7 Qxd7 20. Rxd7 b6 21. Bc4
Ned6 22. Bd5 Kh8 23. Ra8 f5 24. Nd2 f4 25. Nc4 Nxc4 26. Bxc4 g5 27. Bd5 h5 28.
Bb7 Rf6 29. Rxc8+ Kh7 30. Rcc7 Rg6 31. Nd5 c4 32. Nf6+ Kh6 33. Ne8 g4 34. Nxg7
Kg5 35. Rd5 f3 36. Rxe5+ Kf4 37. Rf5# 1-0

[Event "Varennes"]
[Site "Varennes CAN"]
[Date "2016.10.11"]
[Round "5.6"]
[White "Lopez Linares, Lizandro"]
[Black "Tremblay, Alain"]
[Result "1-0"]
[WhiteElo "2251"]
[BlackElo "2175"]
[PlyCount "77"]
[EventDate "2016.10.07"]
[EventType "swiss"]
[EventRounds "5"]
[EventCountry "CAN"]

1. d4 e6 2. g3 Nf6 3. Bg2 d5 4. Nf3 Nbd7 5. O-O c5 6. b3 Be7 7. Bb2 O-O 8. Nbd2
b6 9. e3 Bb7 10. c4 Rc8 11. Rc1 Re8 12. Qe2 dxc4 13. bxc4 Ne4 14. Nb3 Qc7 15.
Rfd1 Rcd8 16. Ne1 a5 17. f3 Nef6 18. Nd3 a4 19. Nd2 h6 20. Bf1 Ba8 21. Nb1 Bb7
22. Na3 Qc6 23. Bg2 Ra8 24. Nb5 Qc8 25. Nf4 Bc6 26. d5 exd5 27. Nxd5 Nxd5 28.
cxd5 Bxb5 29. Qxb5 Bf6 30. Bh3 Bxb2 31. Bxd7 Qc7 32. Bxe8 Bxc1 33. Rxc1 Qe5 34.
Bc6 Qxe3+ 35. Kg2 Qxc1 36. Bxa8 Qc2+ 37. Kg1 c4 38. d6 c3 39. Qe8+ 1-0

[Event "Varennes"]
[Site "Varennes CAN"]
[Date "2016.10.09"]
[Round "5.7"]
[White "Durette, Francis"]
[Black "Libersan, Thierry"]
[Result "0-1"]
[WhiteElo "2128"]
[BlackElo "2204"]
[PlyCount "84"]
[EventDate "2016.10.07"]
[EventType "swiss"]
[EventRounds "5"]
[EventCountry "CAN"]

1. e4 c5 2. Nf3 e6 3. d4 cxd4 4. Nxd4 Nc6 5. Nc3 Qc7 6. Be2 a6 7. O-O b5 8. Be3
Bb7 9. f3 Nf6 10. Nb3 d6 11. Qd2 Be7 12. a3 O-O 13. Rad1 Ne5 14. Kh1 Rac8 15.
Bf2 Rfd8 16. Qe3 Ned7 17. Rd2 Re8 18. Rfd1 h6 19. Bg3 e5 20. Bf2 Nh5 21. h4 g5
22. g3 Ng7 23. Bxb5 axb5 24. Nxb5 Qb8 25. Nxd6 Bxd6 26. Rxd6 Nf8 27. hxg5 h5
28. Nc5 Nge6 29. Nxe6 Rxe6 30. Rxe6 Nxe6 31. g6 Rd8 32. gxf7+ Kxf7 33. Rxd8
Qxd8 34. Qa7 Qc8 35. Qb6 Ng5 36. Qb3+ Kf6 37. a4 Ba6 38. Qe3 Qh3+ 39. Kg1 Qf1+
40. Kh2 Qh3+ 41. Kg1 Bf1 42. Qb6+ Ne6 0-1

[Event "Varennes"]
[Site "Varennes CAN"]
[Date "2016.10.09"]
[Round "5.9"]
[White "Roy, Myriam"]
[Black "Robichaud, Louis"]
[Result "1/2-1/2"]
[WhiteElo "1998"]
[BlackElo "2136"]
[PlyCount "92"]
[EventDate "2016.10.07"]
[EventType "swiss"]
[EventRounds "5"]
[EventCountry "CAN"]

1. e4 e5 2. Nf3 Nc6 3. d4 exd4 4. Nxd4 Bc5 5. Be3 Qf6 6. c3 Nge7 7. Bc4 Ne5 8.
Be2 Qg6 9. Bf3 O-O 10. O-O Nxf3+ 11. Qxf3 d5 12. exd5 Bg4 13. Qf4 Nxd5 14. Qg5
Nxe3 15. Qxe3 Rfe8 16. Qg3 Bd6 17. f4 Bc5 18. Nd2 Bxd4+ 19. cxd4 Rad8 20. h3
Be2 21. Qxg6 hxg6 22. Rfc1 Rxd4 23. Nb3 Rc4 24. Rxc4 Bxc4 25. Nd2 Bd5 26. Kf2
c5 27. Rc1 b6 28. a4 f6 29. g3 Kf7 30. a5 Ke7 31. Nb1 Kd6 32. Nc3 Bc6 33. axb6
axb6 34. Ra1 Re7 35. Ra6 Rb7 36. Ke3 f5 37. Kd3 b5 38. Nb1 b4 39. Kc4 b3 40.
Nd2 Rb4+ 41. Kc3 Ra4 42. Rxa4 Bxa4 43. Nxb3 Kd5 44. Nd2 Bb5 45. h4 Be2 46. Nb3
Bb5 1/2-1/2

[Event "Varennes"]
[Site "Varennes CAN"]
[Date "2016.10.09"]
[Round "5.10"]
[White "Ouellet, Maili-Jade"]
[Black "Lin, Benjamin"]
[Result "1/2-1/2"]
[WhiteElo "1929"]
[BlackElo "1905"]
[PlyCount "106"]
[EventDate "2016.10.07"]
[EventType "swiss"]
[EventRounds "5"]
[EventCountry "CAN"]

1. d4 d5 2. c4 c6 3. Nf3 Nf6 4. Nc3 e6 5. Bg5 Be7 6. e3 Nbd7 7. cxd5 exd5 8.
Bd3 Ne4 9. Bxe7 Qxe7 10. Qc2 Ndf6 11. O-O h6 12. Ne5 Nxc3 13. bxc3 Ng4 14. Nxg4
Bxg4 15. h3 Bc8 16. Rae1 O-O 17. f3 Qg5 18. Kh1 Qg3 19. Qe2 Bd7 20. e4 Rae8 21.
Rb1 Bc8 22. Qd2 a6 23. a4 Qh4 24. Bc2 Re7 25. e5 f5 26. f4 Re6 27. Rb6 Qe7 28.
Bb3 Kh7 29. Qf2 Rg6 30. Bc2 h5 31. g3 Kh8 32. Ra1 Rh6 33. Qf3 g6 34. a5 Rh7 35.
Kg2 Rhf7 36. Rbb1 Kg7 37. Rh1 Rh8 38. Kf2 Kf8 39. Ke2 Ke8 40. Qe3 Rfh7 41. Rhg1
Rg7 42. Bb3 Be6 43. Ra4 Qd8 44. Qd3 g5 45. Rf1 gxf4 46. Rxf4 Qg5 47. Rb4 Qd8
48. Rb5 Rhg8 49. Qf3 Qg5 50. Ba2 Kd8 51. Bb1 Rf7 52. Kf2 Kc8 53. Bd3 Kc7
1/2-1/2

[Event "Varennes"]
[Site "Varennes CAN"]
[Date "2016.10.09"]
[Round "5.11"]
[White "Qiao, Cindy"]
[Black "Trahan, Daniel"]
[Result "1/2-1/2"]
[WhiteElo "1366"]
[BlackElo "2072"]
[PlyCount "48"]
[EventDate "2016.10.07"]
[EventType "swiss"]
[EventRounds "5"]
[EventCountry "CAN"]

1. e4 c5 2. Nf3 d6 3. d4 cxd4 4. Nxd4 Nf6 5. Nc3 Nc6 6. Be2 e6 7. Be3 Be7 8.
O-O a6 9. a4 Qc7 10. Nb3 b6 11. f4 Bb7 12. Bf3 O-O 13. Qe2 Rac8 14. Rad1 Nd7
15. Qf2 Nc5 16. Nd4 Nd7 17. f5 Nxd4 18. Bxd4 Bf6 19. Qg3 Ne5 20. Be2 Rcd8 21.
Qf2 Nd7 22. Qg3 Ne5 23. Qf2 Nd7 24. Qg3 Ne5 1/2-1/2

[Event "Varennes"]
[Site "Varennes CAN"]
[Date "2016.10.09"]
[Round "5.12"]
[White "Huang, Qiuyu"]
[Black "Turcotte, Jonathan"]
[Result "1-0"]
[WhiteElo "2119"]
[BlackElo "2119"]
[PlyCount "51"]
[EventDate "2016.10.07"]
[EventType "swiss"]
[EventRounds "5"]
[EventCountry "CAN"]

1. e4 c6 2. d4 d5 3. exd5 cxd5 4. Bd3 Nc6 5. c3 Qc7 6. Ne2 Bg4 7. f3 Bd7 8. Bf4
e5 9. dxe5 Nxe5 10. Bc2 Nf6 11. Nd4 Bd6 12. O-O O-O 13. Nd2 Rfe8 14. Bg3 Nh5
15. Bb3 Nxg3 16. hxg3 Nc4 17. Bxc4 Bxg3 18. Bxd5 Qf4 19. Ne4 Rxe4 20. Bxe4 Qe3+
21. Rf2 Qxf2+ 22. Kh1 Qxb2 23. Rb1 Qxc3 24. Ne2 Qf6 25. Nxg3 Qh4+ 26. Kg1 1-0

[Event "Varennes"]
[Site "Varennes CAN"]
[Date "2016.10.09"]
[Round "5.13"]
[White "Boulay, David"]
[Black "Fan, Run Kun"]
[Result "0-1"]
[WhiteElo "2007"]
[BlackElo "1974"]
[PlyCount "59"]
[EventDate "2016.10.07"]
[EventType "swiss"]
[EventRounds "5"]
[EventCountry "CAN"]

1. d4 d5 2. c4 c6 3. Nc3 Nf6 4. Nf3 e6 5. Bg5 dxc4 6. a4 Bb4 7. e3 b5 8. Be2
Nbd7 9. O-O Bxc3 10. bxc3 Bb7 11. Qc2 h6 12. Bh4 a6 13. Ne5 Qc7 14. f4 c5 15.
Rfb1 Be4 16. Qb2 Bxb1 17. Rxb1 O-O 18. Qc2 Nxe5 19. dxe5 Nd5 20. Bf2 b4 21.
cxb4 cxb4 22. Qxc4 Qxc4 23. Bxc4 a5 24. g3 Nc3 25. Ra1 Rac8 26. Bb3 Rfd8 27. e4
Nxe4 28. Bb6 Rd3 29. Bd1 Nc3 30. Bg4 0-1